[Event "Vesterhav"]
[Site "Esbjerg"]
[Date "2008.07.16"]
[Round "8"]
[White "Dyrgaard, Kristoffer"]
[Black "Andersen, Jackie"]
[Result "1/2-1/2"]
[WhiteElo "2173"]
[BlackElo "2300"]
[PlyCount "21"]
[EventDate "2008.07.11"]
[EventType "swiss"]
[EventRounds "10"]
[EventCountry "DEN"]
[Source "ChessBase"]
[SourceDate "2008.09.01"]

1. e4 d6 2. d4 e5 3. dxe5 dxe5 4. Qxd8+ Kxd8 5. Bc4 Be6 6. Bxe6 fxe6 7. Be3 Nf6
8. f3 Nc6 9. Nd2 Bd6 10. O-O-O Rg8 11. h4 1/2-1/2

[Event "Vesterhav"]
[Site "Esbjerg"]
[Date "2008.07.16"]
[Round "8"]
[White "Flindt, Thomas"]
[Black "Zozulia, Anna"]
[Result "1/2-1/2"]
[WhiteElo "2166"]
[BlackElo "2346"]
[PlyCount "97"]
[EventDate "2008.07.11"]
[EventType "swiss"]
[EventRounds "10"]
[EventCountry "DEN"]
[Source "ChessBase"]
[SourceDate "2008.09.01"]

1. d4 g6 2. Nc3 Bg7 3. e4 d6 4. Be3 a6 5. f4 b5 6. a3 Bb7 7. e5 e6 8. Nf3 Ne7
9. Be2 Nd7 10. O-O Rc8 11. g4 Nb6 12. Qe1 h5 13. h3 hxg4 14. hxg4 Nbd5 15. Nxd5
Nxd5 16. Bd2 c5 17. c3 cxd4 18. cxd4 dxe5 19. fxe5 Nb6 20. Qf2 Nc4 21. Bxc4
Rxc4 22. Be3 Qd5 23. b3 Rc8 24. Kg2 Qxb3 25. Kg3 Rc3 26. Rae1 Bxf3 27. Qxf3 O-O
28. Rh1 Rd8 29. Re2 Qd5 30. Qxd5 exd5 31. Kf4 Rxa3 32. e6 fxe6 33. Kg5 Rf8 34.
Bd2 Rg3 35. Rxe6 Rd3 36. Bb4 Rc8 37. Bc5 b4 38. Kxg6 Rg3 39. g5 b3 40. Rhe1 Rf3
41. Re8+ Rxe8 42. Rxe8+ Bf8 43. Rb8 a5 44. Bxf8 Rxf8 45. Rxb3 a4 46. Ra3 Ra8
47. Kf6 Ra6+ 48. Ke5 Ra5 49. Kf6 1/2-1/2

[Event "Vesterhav"]
[Site "Esbjerg"]
[Date "2008.07.16"]
[Round "8"]
[White "Fogh, Jens Olaf Svanholm"]
[Black "Bach, Matthias"]
[Result "0-1"]
[WhiteElo "2032"]
[BlackElo "2272"]
[PlyCount "88"]
[EventDate "2008.07.11"]
[EventType "swiss"]
[EventRounds "10"]
[EventCountry "DEN"]
[Source "ChessBase"]
[SourceDate "2008.09.01"]

1. d4 b5 2. e4 Bb7 3. f3 b4 4. Be3 e6 5. Bd3 Nf6 6. Ne2 d5 7. e5 Nfd7 8. O-O c5
9. c3 Nc6 10. f4 g6 11. Nd2 Qb6 12. Nf3 Be7 13. g4 O-O-O 14. Qd2 h5 15. g5 c4
16. Bc2 bxc3 17. bxc3 Ba6 18. Rfb1 Qa5 19. Qd1 Kc7 20. Bc1 Ba3 21. Bxa3 Qxa3
22. Qc1 Qxc1+ 23. Nxc1 Rb8 24. Rxb8 Rxb8 25. Rb1 Rxb1 26. Bxb1 Bb5 27. Bc2 Nb6
28. Kf2 Ba4 29. Bxa4 Nxa4 30. Ne2 Nb2 31. Ke1 Nd3+ 32. Kd2 Ne7 33. Ne1 Nf2 34.
h4 Nf5 35. Ng2 Kb6 36. Kc2 Kb5 37. Kb2 Nd1+ 38. Kc2 Nde3+ 39. Nxe3 Nxe3+ 40.
Kb2 Nf5 41. Ng1 Nxh4 42. Ne2 Nf5 43. Ng1 h4 44. a3 a6 0-1

[Event "Vesterhav"]
[Site "Esbjerg"]
[Date "2008.07.16"]
[Round "8"]
[White "Fries Nielsen, Jens Ove"]
[Black "Carlstedt, Jonathan"]
[Result "1/2-1/2"]
[WhiteElo "2397"]
[BlackElo "2203"]
[PlyCount "28"]
[EventDate "2008.07.11"]
[EventType "swiss"]
[EventRounds "10"]
[EventCountry "DEN"]
[Source "ChessBase"]
[SourceDate "2008.09.01"]

1. d4 Nf6 2. Nf3 c5 3. e3 g6 4. dxc5 Bg7 5. Be2 Qc7 6. c4 Qxc5 7. Nc3 O-O 8.
O-O d6 9. e4 Be6 10. Be3 Qc8 11. Nd5 Re8 12. Nxf6+ Bxf6 13. Qd2 Nd7 14. Nd4 Nc5
1/2-1/2

[Event "Vesterhav"]
[Site "Esbjerg"]
[Date "2008.07.16"]
[Round "8"]
[White "Grove, Peter"]
[Black "Helledie, Anders"]
[Result "1/2-1/2"]
[WhiteElo "2109"]
[BlackElo "2223"]
[PlyCount "69"]
[EventDate "2008.07.11"]
[EventType "swiss"]
[EventRounds "10"]
[EventCountry "DEN"]
[Source "ChessBase"]
[SourceDate "2008.09.01"]

1. c4 g6 2. g3 Bg7 3. Bg2 d6 4. Nc3 e5 5. d3 f5 6. Rb1 Nf6 7. b4 a6 8. e3 Nc6
9. Nge2 O-O 10. O-O Nh5 11. Nd5 Be6 12. a4 Rb8 13. b5 axb5 14. Rxb5 Qd7 15. a5
g5 16. f4 gxf4 17. gxf4 Kh8 18. Qb3 Ra8 19. Bd2 Nd8 20. fxe5 dxe5 21. Bc3 Bxd5
22. Rxd5 Qe6 23. Qb2 c6 24. Rxe5 Bxe5 25. Bxe5+ Kg8 26. Bf3 Qh6 27. Rf2 Rf7 28.
Rg2+ Ng7 29. Nf4 Rxa5 30. Qd4 Rxe5 31. Qxe5 Qf6 32. Qa5 Kh8 33. d4 Nde6 34. Nh5
Nxh5 35. Bxh5 1/2-1/2

[Event "Vesterhav"]
[Site "Esbjerg"]
[Date "2008.07.16"]
[Round "8"]
[White "Hansen, Erik Hedegaard"]
[Black "Noe, Lars"]
[Result "0-1"]
[WhiteElo "1818"]
[BlackElo "1936"]
[PlyCount "60"]
[EventDate "2008.07.11"]
[EventType "swiss"]
[EventRounds "10"]
[EventCountry "DEN"]
[Source "ChessBase"]
[SourceDate "2008.09.01"]

1. d4 d5 2. c4 e6 3. Nc3 c6 4. e3 Nf6 5. Bd3 dxc4 6. Bxc4 Nbd7 7. Nf3 Be7 8.
O-O O-O 9. e4 b5 10. Bd3 a6 11. Qc2 h6 12. e5 Ne8 13. Be3 Bb7 14. Ne4 Qc7 15.
Qd2 f5 16. exf6 Ndxf6 17. Nc5 Bxc5 18. dxc5 e5 19. Bf5 Bc8 20. Qd3 Nd5 21. Bh7+
Kh8 22. Nh4 Rf6 23. f4 Nxe3 24. Ng6+ Kxh7 25. Nxe5+ Nf5 26. g4 Qe7 27. Rae1
Qxc5+ 28. Kh1 Qd5+ 29. Qxd5 cxd5 30. gxf5 Bxf5 0-1

[Event "Vesterhav"]
[Site "Esbjerg"]
[Date "2008.07.16"]
[Round "8"]
[White "Haslinger, Ewald"]
[Black "Straarup, Eigil"]
[Result "0-1"]
[WhiteElo "1711"]
[BlackElo "1998"]
[PlyCount "38"]
[EventDate "2008.07.11"]
[EventType "swiss"]
[EventRounds "10"]
[EventCountry "DEN"]
[Source "ChessBase"]
[SourceDate "2008.09.01"]

1. e4 e5 2. f4 exf4 3. Nf3 d6 4. Bc4 Be6 5. Bxe6 fxe6 6. d4 Qf6 7. e5 dxe5 8.
Nxe5 Bd6 9. O-O g5 10. Qh5+ Ke7 11. Nf3 h6 12. h4 Nc6 13. c3 Rf8 14. Nbd2 Qg7
15. hxg5 Rf5 16. Qh4 hxg5 17. Qe1 g4 18. Ne5 Nxe5 19. dxe5 Bc5+ 0-1

[Event "Vesterhav"]
[Site "Esbjerg"]
[Date "2008.07.16"]
[Round "8"]
[White "Hoiberg, Nina"]
[Black "Brondt, Nicolai Kvist"]
[Result "1/2-1/2"]
[WhiteElo "2211"]
[BlackElo "1966"]
[PlyCount "48"]
[EventDate "2008.07.11"]
[EventType "swiss"]
[EventRounds "10"]
[EventCountry "DEN"]
[Source "ChessBase"]
[SourceDate "2008.09.01"]

1. e4 c6 2. d4 d5 3. e5 Bf5 4. c4 e6 5. Nc3 Nd7 6. Nge2 a6 7. Nf4 Ne7 8. g4 Bg6
9. h4 h5 10. Nxg6 Nxg6 11. cxd5 cxd5 12. gxh5 Ne7 13. Bd3 Qb6 14. Be3 Nc6 15.
Na4 Qb4+ 16. Kf1 Nb6 17. Nc5 Bxc5 18. a3 Qxb2 19. Rb1 Qxa3 20. Ra1 Qc3 21. Rc1
Qb4 22. Rb1 Qa4 23. Bc2 Qc4+ 24. Bd3 Qa4 1/2-1/2

[Event "Vesterhav"]
[Site "Esbjerg"]
[Date "2008.07.16"]
[Round "8"]
[White "Iljushin, Alexei"]
[Black "Rasmussen, Karsten"]
[Result "1/2-1/2"]
[WhiteElo "2546"]
[BlackElo "2458"]
[PlyCount "39"]
[EventDate "2008.07.11"]
[EventType "swiss"]
[EventRounds "10"]
[EventCountry "DEN"]
[Source "ChessBase"]
[SourceDate "2008.09.01"]

1. d4 d5 2. Nf3 c5 3. g3 cxd4 4. Nxd4 Nf6 5. Bg2 e5 6. Nb3 h6 7. O-O Nc6 8. c4
Be6 9. cxd5 Bxd5 10. Nc3 Bxg2 11. Kxg2 Be7 12. Qxd8+ Rxd8 13. Be3 O-O 14. Rfd1
Rxd1 15. Rxd1 Rd8 16. Rxd8+ Bxd8 17. Kf3 b6 18. Nd2 Kf8 19. Nde4 Ke7 20. g4
1/2-1/2

[Event "Vesterhav"]
[Site "Esbjerg"]
[Date "2008.07.16"]
[Round "8"]
[White "Jacobsen, Per"]
[Black "Marshall, Michael"]
[Result "1/2-1/2"]
[WhiteElo "1702"]
[BlackElo "1917"]
[PlyCount "125"]
[EventDate "2008.07.11"]
[EventType "swiss"]
[EventRounds "10"]
[EventCountry "DEN"]
[Source "ChessBase"]
[SourceDate "2008.09.01"]

1. b3 e5 2. Bb2 Nf6 3. Bxe5 Nc6 4. Bb2 d6 5. Nf3 Be7 6. e3 O-O 7. Be2 h6 8. O-O
Re8 9. d4 Bf5 10. a3 Bf8 11. d5 Nb8 12. c4 Nbd7 13. Nd4 Bg6 14. Bd3 Bxd3 15.
Qxd3 g6 16. Nd2 Bg7 17. Rab1 a6 18. N2f3 Nc5 19. Qc2 Nce4 20. Nd2 Nxd2 21. Qxd2
Qd7 22. Qe2 Re7 23. Nf3 Rae8 24. Rfe1 Qd8 25. Qd3 Ne4 26. Bxg7 Kxg7 27. b4 Kh7
28. Rec1 c5 29. dxc6 bxc6 30. Nd4 Qc7 31. b5 Nc5 32. Qc2 cxb5 33. cxb5 axb5 34.
Nxb5 Qb6 35. Nxd6 Qxd6 36. Qxc5 Qxc5 37. Rxc5 Ra8 38. Rc3 Rea7 39. Ra1 Rb7 40.
g3 Rba7 41. Kg2 Kg7 42. f4 f5 43. Kf3 Ra4 44. h3 h5 45. Rc7+ Kf6 46. Rd1 R8a6
47. Rdd7 Rxa3 48. Rf7+ Ke6 49. Rg7 Kd6 50. Rcf7 Ke6 51. Rf8 Kd5 52. Re8 Kc4 53.
Rd7 Rc6 54. Rd4+ Kc5 55. Rd1 Rc3 56. Re5+ Kb6 57. Rb1+ Kc7 58. Re7+ Kd6 59. Rf7
Kc5 60. Re7 Kd6 61. Re5 Kc7 62. Rbb5 Kd6 63. Rbd5+ 1/2-1/2

[Event "Vesterhav"]
[Site "Esbjerg"]
[Date "2008.07.16"]
[Round "8"]
[White "Jensen, Leif Haugaard"]
[Black "Kovshoj, Sune"]
[Result "1/2-1/2"]
[WhiteElo "2010"]
[BlackElo "2013"]
[PlyCount "95"]
[EventDate "2008.07.11"]
[EventType "swiss"]
[EventRounds "10"]
[EventCountry "DEN"]
[Source "ChessBase"]
[SourceDate "2008.09.01"]

1. e4 c5 2. g3 d5 3. d3 dxe4 4. dxe4 Qxd1+ 5. Kxd1 Nc6 6. f3 Be6 7. c3 O-O-O+
8. Kc2 Ne5 9. Be3 b6 10. Ba6+ Kc7 11. Bf4 f6 12. Na3 g5 13. Bxe5+ fxe5 14. Bc4
Bxc4 15. Nxc4 Bg7 16. Rd1 Rxd1 17. Kxd1 g4 18. Ke2 Nf6 19. Nxe5 gxf3+ 20. Ngxf3
Nxe4 21. Rd1 Nd6 22. Nd3 e5 23. Nf2 Re8 24. Ng5 e4 25. Nxh7 Rh8 26. Ng5 Bf6 27.
Ngxe4 Nxe4 28. Nxe4 Rxh2+ 29. Nf2 Rh7 30. Rd3 c4 31. Rf3 Bg5 32. Ng4 Bc1 33. b3
Rd7 34. bxc4 Rd2+ 35. Ke1 Rxa2 36. Kd1 Bg5 37. Rf2 Rxf2 38. Nxf2 a5 39. Kc2 Kd7
40. Kb3 Ke6 41. Nd3 Bd2 42. g4 Kf6 43. c5 bxc5 44. Nxc5 Bxc3 45. Ne4+ Ke5 46.
Nxc3 Kf4 47. Ka4 Kxg4 48. Kxa5 1/2-1/2

[Event "Vesterhav"]
[Site "Esbjerg"]
[Date "2008.07.16"]
[Round "8"]
[White "Jensen, Torben Richard"]
[Black "Voss, Chantal"]
[Result "0-1"]
[WhiteElo "1968"]
[BlackElo "1913"]
[PlyCount "130"]
[EventDate "2008.07.11"]
[EventType "swiss"]
[EventRounds "10"]
[EventCountry "DEN"]
[Source "ChessBase"]
[SourceDate "2008.09.01"]

1. c4 e6 2. g3 d5 3. b3 Nf6 4. Nf3 c5 5. Bg2 Nc6 6. O-O Be7 7. d3 O-O 8. Bd2 b6
9. Na3 Bb7 10. Rb1 Qc7 11. cxd5 Nxd5 12. Nb5 Qd7 13. Nc3 Ncb4 14. a3 Nxc3 15.
Bxc3 Nd5 16. Bb2 Bf6 17. Qc2 Bxb2 18. Qxb2 Rfd8 19. Rfc1 Rac8 20. Qe5 Nf6 21.
Qf4 Qe7 22. g4 Bd5 23. Qg5 Rc7 24. Qh4 Ne8 25. Qg3 Rdc8 26. g5 b5 27. e4 Bb7
28. Nd2 Nd6 29. Qe3 e5 30. Bh3 Rd8 31. Nf3 Bc8 32. Bf1 Bg4 33. Nd2 Rdc8 34. f4
exf4 35. Qxf4 Be6 36. Nf3 a6 37. Rd1 Nb7 38. Bg2 Na5 39. b4 Nb7 40. Rbc1 Bb3
41. Bh3 Bxd1 42. Bxc8 Rxc8 43. Rxd1 cxb4 44. axb4 Qxb4 45. d4 Qd6 46. Ne5 Qe7
47. Ng4 b4 48. d5 Rd8 49. Ne5 Qc7 50. Rf1 Rf8 51. Qf5 Nd6 52. Qf3 Qb8 53. Nc6
Qb6+ 54. Kg2 b3 55. e5 Nc4 56. g6 Ne3+ 57. Kh3 Nxf1 58. e6 hxg6 59. Ne7+ Kh8
60. Nxg6+ fxg6 61. Qxf8+ Kh7 62. Qxf1 b2 63. Qf2 Qxf2 64. e7 b1=Q 65. e8=Q
Qff5+ 0-1

[Event "Vesterhav"]
[Site "Esbjerg"]
[Date "2008.07.16"]
[Round "8"]
[White "Kallenbach, Uffe"]
[Black "Nielsen, Aage Sondergaard"]
[Result "1/2-1/2"]
[WhiteElo "1591"]
[BlackElo "1938"]
[PlyCount "61"]
[EventDate "2008.07.11"]
[EventType "swiss"]
[EventRounds "10"]
[EventCountry "DEN"]
[Source "ChessBase"]
[SourceDate "2008.09.01"]

1. d4 f5 2. c4 Nf6 3. Nc3 g6 4. f3 d6 5. e4 Bg7 6. Bd3 Nc6 7. Nge2 e5 8. exf5
Bxf5 9. Be3 Qd7 10. a3 O-O 11. d5 Ne7 12. O-O c6 13. Ne4 cxd5 14. Nxf6+ Bxf6
15. cxd5 a6 16. Nc3 Kh8 17. Bc2 Rac8 18. Rc1 Bg7 19. Bb3 Qd8 20. g4 Bd7 21. Qd2
Ng8 22. Kh1 Nf6 23. h3 b5 24. Ne4 Rxc1 25. Qxc1 Nxe4 26. fxe4 Qh4 27. Rxf8+
Bxf8 28. Qf1 Kg8 29. Qf3 h5 30. Bf2 Qg5 31. Be3 1/2-1/2

[Event "Vesterhav"]
[Site "Esbjerg"]
[Date "2008.07.16"]
[Round "8"]
[White "Lauritsen, Martin Lee"]
[Black "Nielsen, Jesper1"]
[Result "1-0"]
[WhiteElo "2063"]
[BlackElo "1718"]
[PlyCount "65"]
[EventDate "2008.07.11"]
[EventType "swiss"]
[EventRounds "10"]
[EventCountry "DEN"]
[Source "ChessBase"]
[SourceDate "2008.09.01"]

1. e4 c6 2. c4 d6 3. d4 Nf6 4. Nc3 Qc7 5. f4 e5 6. d5 Nbd7 7. Nf3 Nc5 8. Bd3
Bg4 9. Rb1 a5 10. O-O Be7 11. Bc2 O-O 12. a3 Ncxe4 13. Nxe4 Nxe4 14. Bxe4 f5
15. Bc2 e4 16. h3 Bh5 17. g4 fxg4 18. Nd4 Bf6 19. Ne6 Qb6+ 20. c5 dxc5 21. Nxf8
Rxf8 22. hxg4 Bd4+ 23. Kg2 Bf7 24. Bxe4 cxd5 25. Bf3 c4 26. Bd2 Bc5 27. b4 Bd6
28. bxa5 Qd4 29. Qc1 Bg6 30. Rxb7 Qd3 31. Rd7 Bxa3 32. Qc3 d4 33. Rxd4 1-0

[Event "Vesterhav"]
[Site "Esbjerg"]
[Date "2008.07.16"]
[Round "8"]
[White "Leenhouts, Koen"]
[Black "Evdokimov, Alexander A"]
[Result "1/2-1/2"]
[WhiteElo "2400"]
[BlackElo "2555"]
[PlyCount "109"]
[EventDate "2008.07.11"]
[EventType "swiss"]
[EventRounds "10"]
[EventCountry "DEN"]
[Source "ChessBase"]
[SourceDate "2008.09.01"]

1. e4 c5 2. Nf3 d6 3. d4 cxd4 4. Nxd4 Nf6 5. Nc3 Nc6 6. Be2 g6 7. O-O Bg7 8.
Nb3 O-O 9. Be3 Be6 10. f4 Qc8 11. Kh1 Rd8 12. Bf3 Bc4 13. Rf2 e5 14. Nd2 exf4
15. Bxf4 Be6 16. Nf1 Ng4 17. Bxg4 Bxg4 18. Qd2 Be6 19. Ne3 Ne5 20. Ncd5 Re8 21.
Bxe5 Bxe5 22. Nf6+ Bxf6 23. Rxf6 Qc5 24. Raf1 Qe5 25. Rxf7 Bxf7 26. Ng4 Qxb2
27. Nh6+ Kg7 28. Rxf7+ Kh8 29. h3 Rxe4 30. Ng4 Rxg4 31. hxg4 Qa1+ 32. Kh2 Qe5+
33. g3 Kg8 34. Rxb7 Rf8 35. Rb3 Qe6 36. Rd3 Rd8 37. Re3 Qxa2 38. Qe2 Rf8 39.
Rb3 Qa1 40. Rb7 Qd4 41. Qe6+ Kh8 42. Rf7 Rxf7 43. Qxf7 Qd2+ 44. Kh3 Qh6+ 45.
Kg2 Qg7 46. Qe8+ Qg8 47. Qe7 Qd5+ 48. Kh2 h5 49. g5 a5 50. Qf8+ Qg8 51. Qh6+
Qh7 52. Qf8+ Qg8 53. Qxd6 Qe8 54. Qd4+ Kh7 55. Qa7+ 1/2-1/2

[Event "Vesterhav"]
[Site "Esbjerg"]
[Date "2008.07.16"]
[Round "8"]
[White "Lindestrom, Amalie Heiring"]
[Black "Mortensen, Carl Heinrich"]
[Result "0-1"]
[WhiteElo "1413"]
[BlackElo "1686"]
[PlyCount "62"]
[EventDate "2008.07.11"]
[EventType "swiss"]
[EventRounds "10"]
[EventCountry "DEN"]
[Source "ChessBase"]
[SourceDate "2008.09.01"]

1. e4 c6 2. d4 d5 3. e5 Bf5 4. Nf3 e6 5. Be2 c5 6. Be3 Nc6 7. Nc3 cxd4 8. Nxd4
Nxd4 9. Bxd4 Ne7 10. Bb5+ Nc6 11. a3 Be7 12. O-O O-O 13. Bxc6 bxc6 14. f4 c5
15. Bf2 d4 16. Na4 Qd5 17. g4 Be4 18. Bg3 Rfd8 19. f5 Bg5 20. Bf4 Bxf4 21. Rxf4
Qxe5 22. Qd2 Bc6 23. Re1 Qd5 24. Re2 e5 25. Rf1 e4 26. Rg2 e3 27. Qe2 Bxa4 28.
b3 Bc6 29. h3 a5 30. a4 Qe5 31. Rh2 Qg3+ 0-1

[Event "Vesterhav"]
[Site "Esbjerg"]
[Date "2008.07.16"]
[Round "8"]
[White "Lindestrom, Torsten"]
[Black "Johansen, Johnny Holler"]
[Result "1-0"]
[WhiteElo "2259"]
[BlackElo "2029"]
[PlyCount "83"]
[EventDate "2008.07.11"]
[EventType "swiss"]
[EventRounds "10"]
[EventCountry "DEN"]
[Source "ChessBase"]
[SourceDate "2008.09.01"]

1. f4 Nf6 2. Nf3 d6 3. g3 g6 4. Bg2 Bg7 5. O-O O-O 6. d3 Nbd7 7. e4 e5 8. Nc3
c6 9. Kh1 Re8 10. Nh4 Nf8 11. f5 Qb6 12. Bg5 N8d7 13. fxg6 fxg6 14. Qd2 Rf8 15.
Be3 Qc7 16. h3 Nb6 17. Rf2 Be6 18. Raf1 Nh5 19. Kh2 Rxf2 20. Rxf2 Rf8 21. a4
Rxf2 22. Qxf2 Qf7 23. Bf3 Bf6 24. Bxh5 Bxh4 25. Qxf7+ Bxf7 26. a5 Na8 27. gxh4
gxh5 28. Bxa7 Kf8 29. b4 Ke7 30. Nd1 Kd7 31. Ne3 Ba2 32. Bb8 Bb1 33. Kg3 Ke6
34. Kf3 d5 35. Ke2 b5 36. Kd2 Ba2 37. Nf5 Kf6 38. Ng3 dxe4 39. dxe4 Bf7 40. Ke3
Bg6 41. Ne2 Bf7 42. Ng1 1-0

[Event "Vesterhav"]
[Site "Esbjerg"]
[Date "2008.07.16"]
[Round "8"]
[White "Luther, Lasse"]
[Black "Husted, Peter"]
[Result "1/2-1/2"]
[WhiteElo "1912"]
[BlackElo "2149"]
[PlyCount "89"]
[EventDate "2008.07.11"]
[EventType "swiss"]
[EventRounds "10"]
[EventCountry "DEN"]
[Source "ChessBase"]
[SourceDate "2008.09.01"]

1. e4 c5 2. Nf3 Nc6 3. d4 cxd4 4. Nxd4 e6 5. Nc3 a6 6. Be3 Qc7 7. Qd2 Nf6 8.
O-O-O b5 9. f3 Bb7 10. Nb3 d6 11. Qf2 Be7 12. g4 Nd7 13. Rg1 Na5 14. Kb1 Nc4
15. Bxc4 Qxc4 16. Na5 Qc7 17. Nxb7 Qxb7 18. g5 Rc8 19. h4 O-O 20. h5 b4 21. Na4
f5 22. gxf6 Nxf6 23. Qg3 Rf7 24. Qh3 Qc6 25. Qxe6 Qxc2+ 26. Ka1 Qc4 27. Qh3 Re8
28. Rc1 Qb5 29. Nb6 Qxh5 30. Qe6 Bf8 31. Qb3 Qxf3 32. Rgf1 Qxe4 33. Rxf6 d5 34.
Rxf7 Kxf7 35. Nxd5 Qe6 36. Rf1+ Kg8 37. Bd2 Bd6 38. Ne3 Qxb3 39. axb3 Bc5 40.
Nc4 h5 41. Rh1 g6 42. Bg5 Kg7 43. Rf1 Re4 44. Kb1 Rg4 45. Bc1 1/2-1/2

[Event "Vesterhav"]
[Site "Esbjerg"]
[Date "2008.07.16"]
[Round "8"]
[White "Madsen, Egon Rysgaard"]
[Black "Jensen, Jan Kargaard"]
[Result "1-0"]
[WhiteElo "1677"]
[BlackElo "1813"]
[PlyCount "61"]
[EventDate "2008.07.11"]
[EventType "swiss"]
[EventRounds "10"]
[EventCountry "DEN"]
[Source "ChessBase"]
[SourceDate "2008.09.01"]

1. e4 c5 2. Nf3 d6 3. d4 cxd4 4. Nxd4 Nf6 5. Nc3 a6 6. Be3 b5 7. a3 Bb7 8. f3
e6 9. Rc1 Nbd7 10. Bd3 Rc8 11. O-O Be7 12. Nce2 d5 13. exd5 Nxd5 14. Bf2 Bg5
15. Rb1 Ne3 16. Bxe3 Bxe3+ 17. Kh1 Nc5 18. c3 Nxd3 19. Qxd3 Bh6 20. Rbd1 O-O
21. Qc2 Qc7 22. Ng3 Bf4 23. Qf2 g6 24. Ne4 Bxe4 25. fxe4 Bxh2 26. Rd3 Bd6 27.
Rf3 Qb7 28. Qh4 e5 29. Nf5 Bc5 30. Nh6+ Kg7 31. Qf6+ 1-0

[Event "Vesterhav"]
[Site "Esbjerg"]
[Date "2008.07.16"]
[Round "8"]
[White "Madsen, Tobias Juul"]
[Black "Kops, John"]
[Result "0-1"]
[WhiteElo "1608"]
[BlackElo "1979"]
[PlyCount "78"]
[EventDate "2008.07.11"]
[EventType "swiss"]
[EventRounds "10"]
[EventCountry "DEN"]
[Source "ChessBase"]
[SourceDate "2008.09.01"]

1. e4 e5 2. Nf3 Nf6 3. Nc3 d5 4. exd5 e4 5. Ne5 Bc5 6. Be2 c6 7. d6 Qxd6 8. Nc4
Qc7 9. b3 O-O 10. O-O Bf5 11. a4 Nbd7 12. Ba3 Rad8 13. Ne3 Bg6 14. Bxc5 Nxc5
15. b4 Ne6 16. b5 Nf4 17. a5 Qe5 18. a6 b6 19. bxc6 Qg5 20. Nb5 N6d5 21. g3
Nxe2+ 22. Qxe2 Bh5 23. Qc4 Nxe3 24. dxe3 Bf3 25. h3 Qh5 26. Kh2 Be2 27. Qc3
Bxb5 28. Rfb1 Be2 29. c7 Rc8 30. Qc6 Bg4 31. h4 Qe5 32. Rxb6 axb6 33. Qxb6 Qxa1
34. a7 Bf3 35. g4 Qh1+ 36. Kg3 Qg2+ 37. Kf4 Qxg4+ 38. Ke5 Rfe8+ 39. Kd4 Qd7+
0-1

[Event "Vesterhav"]
[Site "Esbjerg"]
[Date "2008.07.16"]
[Round "8"]
[White "Malakhatko, Vadim"]
[Black "Holm, Sejer"]
[Result "1-0"]
[WhiteElo "2612"]
[BlackElo "2240"]
[PlyCount "99"]
[EventDate "2008.07.11"]
[EventType "swiss"]
[EventRounds "10"]
[EventCountry "DEN"]
[Source "ChessBase"]
[SourceDate "2008.09.01"]

1. d4 e6 2. c4 d5 3. Nf3 c5 4. cxd5 exd5 5. g3 Nc6 6. Bg2 c4 7. O-O Bb4 8. b3
cxb3 9. Qxb3 Nge7 10. Bg5 f6 11. Bd2 Bxd2 12. Nbxd2 Rb8 13. Rfc1 Be6 14. e3 O-O
15. Ne1 Qd6 16. Nd3 b6 17. Rc3 Na5 18. Qb4 Qd7 19. Nf4 Rfc8 20. Rac1 Rxc3 21.
Rxc3 Nac6 22. Qb5 Rd8 23. Nxe6 Qxe6 24. Nb3 g5 25. a4 Kf7 26. Rc1 Qd7 27. Qd3
Kg7 28. Qb5 Kf7 29. Bf1 Qd6 30. a5 Nxa5 31. Nxa5 bxa5 32. Qxa5 Qb6 33. Qa2 Rd7
34. Rc5 Kg7 35. Rb5 Qc6 36. Ra5 Qb7 37. Bg2 h5 38. h3 g4 39. hxg4 hxg4 40. Rc5
f5 41. Ra5 Kf8 42. Bf1 Kg7 43. Bd3 Rc7 44. Kg2 Qb8 45. Qa3 Kf7 46. Ra6 Rd7 47.
Rh6 Qb7 48. Qa1 Rd8 49. Qh1 Ke8 50. Bxf5 1-0

[Event "Vesterhav"]
[Site "Esbjerg"]
[Date "2008.07.16"]
[Round "8"]
[White "Motzkus, Mikkel"]
[Black "Kristensen, Hans Hald"]
[Result "1/2-1/2"]
[WhiteElo "1995"]
[BlackElo "1820"]
[PlyCount "97"]
[EventDate "2008.07.11"]
[EventType "swiss"]
[EventRounds "10"]
[EventCountry "DEN"]
[Source "ChessBase"]
[SourceDate "2008.09.01"]

1. d4 d5 2. c4 c6 3. Nf3 Nf6 4. Nc3 g6 5. Bg5 Bg7 6. e3 O-O 7. Rc1 Qa5 8. Qd2
Bg4 9. Ne5 Be6 10. b4 Qd8 11. Be2 Ne4 12. Nxe4 dxe4 13. d5 Bxe5 14. dxe6 Qxd2+
15. Kxd2 fxe6 16. Ke1 Bf6 17. Bh6 Rd8 18. Bg4 Kf7 19. Ke2 Na6 20. Rb1 Rd7 21.
Rhd1 Rxd1 22. Kxd1 c5 23. a3 cxb4 24. axb4 Bc3 25. b5 Nb4 26. f3 Rb8 27. Ke2
Rc8 28. fxe4 Rxc4 29. Rf1+ Bf6 30. Bf3 e5 31. Rd1 Rc5 32. Rd8 Bg7 33. Bxg7 Kxg7
34. Rd7 Rxb5 35. Rxe7+ Kf6 36. Rxh7 a5 37. Kd2 Nc6 38. Bd1 Rb4 39. h4 a4 40. g4
a3 41. Rd7 Ne7 42. g5+ Kf7 43. Rd3 a2 44. Ra3 Rxe4 45. Rxa2 Rxh4 46. Rb2 Rh2+
47. Be2 Rg2 48. Rxb7 Rxg5 49. Bc4+ 1/2-1/2

[Event "Vesterhav"]
[Site "Esbjerg"]
[Date "2008.07.16"]
[Round "8"]
[White "Oehmichen, Jan"]
[Black "Jensen, John Klaus"]
[Result "1-0"]
[WhiteElo "1853"]
[BlackElo "1960"]
[PlyCount "45"]
[EventDate "2008.07.11"]
[EventType "swiss"]
[EventRounds "10"]
[EventCountry "DEN"]
[Source "ChessBase"]
[SourceDate "2008.09.01"]

1. c4 g6 2. Nc3 c5 3. Nf3 Bg7 4. g3 Nf6 5. Bg2 O-O 6. O-O Nc6 7. d3 d6 8. h3 a6
9. e4 e5 10. Be3 Rb8 11. a4 Bd7 12. Ne1 Ne8 13. f4 exf4 14. gxf4 f5 15. e5 Nd4
16. Nf3 dxe5 17. fxe5 Bc6 18. Re1 Bxf3 19. Bxf3 Bxe5 20. Nd5 Qh4 21. Bg2 f4 22.
Bf2 Qg5 23. h4 1-0

[Event "Vesterhav"]
[Site "Esbjerg"]
[Date "2008.07.16"]
[Round "8"]
[White "Pedersen, Jan Rode"]
[Black "Seegert, Kristian"]
[Result "0-1"]
[WhiteElo "2206"]
[BlackElo "2024"]
[PlyCount "68"]
[EventDate "2008.07.11"]
[EventType "swiss"]
[EventRounds "10"]
[EventCountry "DEN"]
[Source "ChessBase"]
[SourceDate "2008.09.01"]

1. e4 e5 2. Nf3 Nc6 3. Bb5 Nge7 4. d4 exd4 5. Bg5 h6 6. Bxe7 Bxe7 7. O-O O-O 8.
Nxd4 Bf6 9. c3 a6 10. Bxc6 bxc6 11. Nd2 c5 12. N4b3 d6 13. f4 Rb8 14. Qc2 Re8
15. Rad1 Qe7 16. Rde1 Bb7 17. Na5 Qd7 18. Nxb7 Rxb7 19. Nc4 Rbb8 20. e5 Bh4 21.
g3 Be7 22. f5 dxe5 23. Nxe5 Qd5 24. Re2 Bd6 25. Ng4 Rxe2 26. Qxe2 h5 27. Nf2 h4
28. g4 Qxa2 29. Nd3 c4 30. Nb4 Bxb4 31. cxb4 c3 32. g5 cxb2 33. g6 b1=Q 34. Qh5
fxg6 0-1

[Event "Vesterhav"]
[Site "Esbjerg"]
[Date "2008.07.16"]
[Round "8"]
[White "Pedersen, Lars Wisler"]
[Black "Andersen, Vagn Skov"]
[Result "1-0"]
[WhiteElo "1893"]
[BlackElo "1778"]
[PlyCount "81"]
[EventDate "2008.07.11"]
[EventType "swiss"]
[EventRounds "10"]
[EventCountry "DEN"]
[Source "ChessBase"]
[SourceDate "2008.09.01"]

1. f4 Nf6 2. Nf3 d6 3. b3 g6 4. Bb2 Bg7 5. e3 Bf5 6. Be2 Nbd7 7. O-O c5 8. Bb5
O-O 9. Bxd7 Qxd7 10. d3 Ng4 11. Bxg7 Kxg7 12. Qe1 Qd8 13. e4 Bd7 14. h3 Nh6 15.
Nc3 f5 16. e5 Bc6 17. Ng5 Qd7 18. exd6 Rf6 19. Qxe7+ Qxe7 20. dxe7 Re8 21. Rae1
Ng8 22. Re5 Rxe7 23. Rxc5 h6 24. Nf3 Bxf3 25. Rxf3 Re1+ 26. Rf1 Rxf1+ 27. Kxf1
Rf7 28. Nd5 b6 29. Rc7 Rxc7 30. Nxc7 Ne7 31. Ke2 Kf7 32. d4 Nc6 33. c3 Ke7 34.
Kd3 Kd7 35. Na6 Kd6 36. Kc4 Na5+ 37. Kb5 Kd5 38. Nb4+ Ke4 39. d5 Kxf4 40. c4
Ke5 41. Nc6+ 1-0